Score 0/300 Timer 10:00
0 Plays Today
Hint Answer % Correct
In
94.8%
in
94.8%
in
94.8%
allin
94.8%
always
93.8%
Ialways
93.8%
Ialways
93.8%
always
93.8%
always
93.8%
always
93.8%
always
93.8%
you.
89.6%
andyou
89.6%
new.
89.6%
you
89.6%
you
89.6%
you
89.6%
You
89.6%
you
89.6%
you
89.6%
you
89.6%
allover
89.6%
starting
89.6%
over
89.6%
new
89.6%
new?
89.6%
you
89.6%
you,
89.6%
you.
89.6%
over
89.6%
new
89.6%
starting
89.6%
new.
89.6%
starting
89.6%
over,
89.6%
over.
89.6%
you
89.6%
over
89.6%
andover
89.6%
andover
89.6%
new
89.6%
life
88.5%
me
88.5%
me
88.5%
life
88.5%
Istart
88.5%
life
88.5%
me
88.5%
me.
88.5%
Andstart.
88.5%
Andstart.
88.5%
life
88.5%
life
88.5%
start
88.5%
life
88.5%
to
87.5%
love
87.5%
to
87.5%
love,
87.5%
to
87.5%
love
87.5%
Oh, I'lllove
87.5%
to
87.5%
starting
87.5%
love,
87.5%
Butlove,
87.5%
To
87.5%
my
86.5%
my
86.5%
my
86.5%
my
86.5%
my
86.5%
Andmy
86.5%
My
86.5%
do.
85.4%
be
85.4%
be
85.4%
abrand
85.4%
be
85.4%
andbe
85.4%
brand
85.4%
do.
85.4%
tobe.
85.4%
We
83.3%
we
83.3%
we
83.3%
we
83.3%
done,
81.3%
again,
81.3%
This
81.3%
that
81.3%
this
81.3%
that
81.3%
it
81.3%
so,
81.3%
again.
81.3%
all I'vedone?
81.3%
So
81.3%
that
81.3%
allthat
81.3%
Hint Answer % Correct
that
81.3%
that
81.3%
Allthat
81.3%
Allthat
81.3%
that
81.3%
Inever
80.2%
Inever
80.2%
for
80.2%
for
80.2%
for
80.2%
for
80.2%
then
79.2%
then,
79.2%
than
79.2%
then
79.2%
Am
78.1%
Am
78.1%
Imet
77.1%
Thank
77.1%
andthank
77.1%
all
77.1%
how
76%
thecare.
76%
And****
76%
how
76%
can
76%
can
76%
can
76%
Andthough
75%
have
75%
though
75%
back
75%
back
75%
one,
75%
have
75%
one
75%
thought
74%
Ithought
74%
at
74%
every
74%
our
74%
every
74%
thought
74%
every
74%
every
74%
our
74%
chance
72.9%
Iwas
72.9%
Isomehow
72.9%
Isomehow
72.9%
apromise
72.9%
what
72.9%
story?
72.9%
What
72.9%
now.
72.9%
somehow.
72.9%
somehow.
72.9%
now.
72.9%
learn
71.9%
fair.
71.9%
children,
71.9%
we're
71.9%
we're
71.9%
we're
71.9%
we're
71.9%
we're
71.9%
give
71.1%
time
70.8%
think
70.8%
kept.
70.8%
And Iwon't
70.8%
Iwon't
70.8%
when.
70.8%
allof
70.8%
too.
70.8%
andwell.
70.8%
When
70.8%
they
70.8%
I'lltell.
70.8%
And Iwon't
70.8%
it's
70.8%
it's
70.8%
too
70.8%
and I'lllive
70.8%
morning,
70.8%
Allof
70.8%
Allof
70.8%
It's
70.8%
I'dget
69.8%
asecond
69.8%
Icould
69.8%
Icould
69.8%
after
69.8%
ask
69.8%
is
69.8%
is
69.8%
is
69.8%
making
68.8%
about
68.8%
with
67.7%
Hint Answer % Correct
with
67.7%
came
66.7%
through.
66.7%
still
66.7%
feels
66.7%
finding
66.7%
Iwould
66.7%
last
66.7%
Iknew
66.7%
I'mthrough
66.7%
last
66.7%
starts
66.7%
lost,
65.6%
more
65.6%
make
65.6%
I'llmake
65.6%
I'llmake
65.6%
might
64.6%
promised
64.6%
regret
64.6%
thestories
64.6%
regret
64.6%
might
64.6%
sorry
64.6%
said
63.5%
Idid
63.5%
ohLordy,
63.5%
thegods
63.5%
leap
62.5%
Let
62.5%
Say
62.5%
Say
62.5%
I'lltake
62.5%
If
62.5%
take.
62.5%
bridges,
61.5%
made
61.5%
Iplaced
60.4%
bet
60.4%
I'veburned
60.4%
both
60.4%
Ineed.
60.4%
out
60.4%
Cause
59.4%
fiercely
59.4%
theend
59.4%
Cause
59.4%
and Ileapt.
58.3%
hurts
58.3%
imagine
58.3%
I loved
58.3%
I'll
58.3%
dreamed
57.3%
lesson
57.3%
old.
57.3%
doubt.
57.3%
right
57.3%
andlearned
56.3%
lead.
56.3%
heart.
56.3%
even
55.2%
Even
55.2%
and I'mmuch
55.2%
tomorrow,
55.2%
moment
55.2%
here
55.2%
themoment
55.2%
Andopen
55.2%
thelives
54.2%
I didn't
54.2%
we'd
54.2%
leave
53.1%
happen
53.1%
living.
53.1%
fate.
52.1%
happening
52.1%
thechoices
52.1%
Allthat's
52.1%
and allthat's
52.1%
all thesame,
51%
or
51%
Or
51%
foretold.
50%
each
50%
mind.
50%
fighting,
49%
has
49%
yet
47.9%
behind.
47.9%
up
47.9%
just
47.9%
happened
46.9%
ahead,
46.9%
vow.
46.9%
theaccidents
44.8%
step
44.8%
bold
41.7%
Yes,
41.7%
grieve,
33.3%
awake
32.3%
Remove Ads.
Support Sporcle.
Get the best of Sporcle when you Go Orange. This ad-free experience offers more features, more stats, and more fun while also helping to support Sporcle. Thank you for becoming a member.

You're not logged in!

Compare scores with friends on all Sporcle quizzes.
OR
Log In

Show Comments

Extras

Top Quizzes Today


Score Distribution

Your Account Isn't Verified!

In order to create a playlist on Sporcle, you need to verify the email address you used during registration. Go to your Sporcle Settings to finish the process.

Report this User

Report this user for behavior that violates our Community Guidelines.

Details: